000 00314 a2200157 4500
001 65342
020 _a9788544616093
040 _cAnchieta - Pituba
100 _aVilela, Andréa de Paula Xavier
240 1 0 _aArte
_lpor
245 1 0 _aArte
300 _a205
362 0 _a2017
650 4 _aArtes
942 _cBK
999 _c65342
_d65342